Irónia vo filozofii (Platón, Schlegel, Kierkegaard, Nietzsche) : [publikácia vychádza ako súčasť grantového projektu VEGA, č. 1/2499/05]

Bibliographic Details
Main Author: Fedorko, Marián (Author)
Format: Book
Language:Slovak
PhysicalDescription:299 s. 21 cm
Published: Prešov Filozofická fakulta Prešovskej univerzity 2007
ISBN:9788080685836
Edition:1. vyd.
Series:Acta Facultatis Philosophicae Universitatis Prešoviensis Monographia 170/252 75
Subjects:

MARC

LEADER 00000nam a2200000 a 4500
001 vtls009001009
003 SK-MaSNL
005 20260426005056.0
008 240315s2007 xo g 000 0 slo
015 |a SNBA2007/09-04216 
020 |a 9788080685836  |q (brož.) 
035 |a DDC13AB5-DF87-49FC-A406-67264FE25B44 
035 |a urn:nbn:sk:snk-amld4r 
035 |a urn:nbn:sk:snk-am0090k1 
040 |a SNK  |b slo  |c SNK  |e AACR2 
041 0 |a slo 
044 |a xo  |c SK 
072 7 |a 17  |x Etika. Morálna filozofia  |2 konspekt 
080 |a 101  |2 2001 
080 |a 177.3  |2 2001 
080 |a (048.8)  |2 2001 
100 1 |a Fedorko, Marián  |4 aut  |9 337990 
245 1 0 |a Irónia vo filozofii  |b (Platón, Schlegel, Kierkegaard, Nietzsche) : [publikácia vychádza ako súčasť grantového projektu VEGA, č. 1/2499/05]  |c Marián Fedorko 
250 |a 1. vyd. 
260 |a Prešov  |b Filozofická fakulta Prešovskej univerzity  |c 2007 
300 |a 299 s.  |c 21 cm 
366 |e 200 výt. 
490 1 |a Acta Facultatis Philosophicae Universitatis Prešoviensis  |v 170/252  |a Monographia  |v 75 
504 |a Bibliogr. s. 280-299. Jaz. pozn. 
650 0 7 |a filozofia  |2 SNKPH  |9 793 
650 0 7 |a irónia  |2 SNKPH  |9 104716 
655 7 |a štúdie  |2 SNKPH  |9 57033 
810 2 |a Acta Facultatis Philosophicae Universitatis Prešoviensis  |t Monographia  |9 419590 
919 |a 978-80-8068-583-6 
958 |a NB 
958 |a OND 
968 |d 1 
999 |c 998949  |d 1000879 
952 |a SNK  |b SNK  |y PREZ  |7 0  |p 17A0555181  |o snkSC 128498  |i snk2007/15778  |8 0  |0 0  |1 0  |4 0  |d 2007-06-20  |f 1  |l 0  |r 2025-06-17 00:00:00  |w 2026-02-24 
952 |a SNK  |b SNK  |y VYP  |7 0  |p 17A0555180  |o snkSC 128498 D1  |i snk2007/15779  |8 0  |0 0  |1 0  |4 0  |d 2007-06-20  |l 0  |r 2026-02-24 12:14:00  |w 2026-02-24